[Event "Michigan Amateur"]
[Site "Flint, MI"]
[Date "1999.07.17"]
[Round "2"]
[White "Berndt, Harry"]
[Black "Choate, Eric"]
[Result "0-1"]
[WhiteElo "1431"]
[BlackElo "1168"]
[PlyCount "80"]
[EventDate "1999.07.17"]

1. d4 d5 2. c4 c6 3. Nc3 e6 4. cxd5 cxd5 5. Bf4 Nc6 6. Nb5 e5 7. dxe5 Be6 8.
Nf3 Bc5 9. e3 a6 10. Nbd4 Nge7 11. a3 O-O 12. Bd3 h6 13. Qc2 Bb6 14. O-O Rc8
15. Nxe6 fxe6 16. Qe2 d4 17. Bc4 Nd5 18. Bxd5 Qxd5 19. Rfd1 Qe4 20. Qc4 Rfe8
21. Qb3 dxe3 22. fxe3 Bc5 23. Rd7 b6 24. Re1 Na5 25. Qd1 Nc4 26. Nd2 Nxd2 27.
Qxd2 Qxf4 28. b4 Qxe5 29. bxc5 Rxc5 30. Ra7 Ra5 31. Rf1 Rd5 32. Qe2 a5 33. Rff7
Qa1+ 34. Kf2 Rf5+ 35. Rxf5 exf5 36. Qc4+ Kh8 37. Qf7 Qb2+ 38. Kf3 Qe5 39. Qb3
Qe4+ 40. Kf2 f4 0-1

[Event "Michigan Amateur"]
[Site "Flint, MI"]
[Date "1999.07.17"]
[Round "3"]
[White "Aldrich, Justin"]
[Black "Rotberg, Victor"]
[Result "0-1"]
[WhiteElo "1500"]
[BlackElo "1750"]
[PlyCount "78"]
[EventDate "1999.07.17"]

1. e4 c5 2. Nf3 d6 3. Bb5+ Bd7 4. Bxd7+ Qxd7 5. O-O Nc6 6. c3 Nf6 7. Re1 e6 8.
d4 cxd4 9. cxd4 d5 10. e5 Ne4 11. a3 Be7 12. Nbd2 Nxd2 13. Bxd2 Rc8 14. Rc1 Bd8
15. h3 O-O 16. Nh2 Nxd4 17. Rxc8 Qxc8 18. Bb4 Bb6 19. Bxf8 Kxf8 20. Nf3 Nc6 21.
Ng5 h6 22. Qh5 Nd8 23. Nf3 Qc2 24. Qh4 Qxb2 25. Re3 Nc6 26. Re1 Qxa3 27. Qf4
Qb2 28. Nh2 Nd4 29. Qe3 Qb4 30. Qc1 Nc6 31. Qc2 Qxe1+ 32. Nf1 Qxe5 33. Qh7 Qf6
34. Qh8+ Ke7 35. Qc8 Qxf2+ 36. Kh2 Qf4+ 37. Ng3 Bc7 38. Qxb7 Qxg3+ 39. Kg1 Qe1#
0-1

[Event "Michigan Amateur"]
[Site "Flint, MI"]
[Date "1999.07.17"]
[Round "3"]
[White "Aldrich, Jeff"]
[Black "Emke, Robert"]
[Result "1/2-1/2"]
[WhiteElo "1934"]
[BlackElo "1816"]
[PlyCount "63"]
[EventDate "1999.07.17"]

1. d4 e6 2. c4 f5 3. Nc3 Nf6 4. Nf3 Be7 5. e3 b6 6. Be2 Bb7 7. O-O O-O 8. b3
Ne4 9. Bb2 d6 10. Qc2 Nd7 11. Rad1 d5 12. Ne5 Nxe5 13. dxe5 Nxc3 14. Bxc3 Qe8
15. Bf3 c6 16. Qe2 Rd8 17. g3 Ba6 18. a4 dxc4 19. bxc4 Rxd1 20. Rxd1 Qc8 21.
Qa2 c5 22. Qb3 Rd8 23. a5 Rxd1+ 24. Bxd1 Bd8 25. axb6 Bxb6 26. Qa4 Bb7 27. f3
Bc6 28. Qa2 Qd7 29. Be2 Qb7 30. Kf2 Kf7 31. h4 g6 32. Qa1 1/2-1/2

[Event "Michigan Amateur"]
[Site "Flint, MI"]
[Date "1999.07.17"]
[Round "1"]
[White "Aldrich, Jeff"]
[Black "Berndt, Harry"]
[Result "1-0"]
[WhiteElo "1934"]
[BlackElo "1431"]
[PlyCount "69"]
[EventDate "1999.07.17"]

1. d4 Nf6 2. c4 g6 3. Nc3 Bg7 4. e4 d6 5. f3 Bd7 6. Be3 a6 7. Qd2 Nc6 8. Nge2
Na7 9. Nf4 b5 10. Rc1 bxc4 11. Bxc4 Nb5 12. O-O c6 13. Rfd1 Nxc3 14. bxc3 Qc7
15. Bb3 O-O 16. Nd3 Rfe8 17. e5 Nd5 18. Bh6 Bh8 19. c4 Nb6 20. c5 dxc5 21. Nxc5
Bf5 22. g4 Bc8 23. Ne4 Rd8 24. Ng5 Nd5 25. Qf4 e6 26. Bxd5 Rxd5 27. Rxc6 Bxe5
28. Rxc7 Bxf4 29. Rxf7 Rd8 30. Rxf4 Bb7 31. Rf7 Bd5 32. Rg7+ Kf8 33. Nxh7+ Ke8
34. Nf6+ Kf8 35. Rh7# 1-0

[Event "Michigan Amateur"]
[Site "Flint, MI"]
[Date "1999.07.18"]
[Round "5"]
[White "Young, Corneil"]
[Black "Thompson, Dean"]
[Result "1-0"]
[WhiteElo "1185"]
[BlackElo "1515"]
[PlyCount "105"]
[EventDate "1999.07.17"]

1. e4 e5 2. Nf3 Nf6 3. Nc3 Nc6 4. Bc4 h6 5. d3 Bb4 6. Bd2 d6 7. h3 Be6 8. Bb3
d5 9. exd5 Nxd5 10. Ba4 Qf6 11. Ne4 Qe7 12. Bxc6+ bxc6 13. Nxe5 Bxd2+ 14. Qxd2
Bd7 15. Nxd7 Qxd7 16. Qe2 O-O 17. O-O Rfe8 18. Qd2 Rab8 19. b3 Nb4 20. Ng3 Nd5
21. Rfe1 Nf6 22. Rxe8+ Rxe8 23. Re1 Rxe1+ 24. Qxe1 Nd5 25. a3 Qd8 26. Qa5 Qb8
27. Qe1 Qd8 28. Qe5 Qe7 29. Qxe7 Nxe7 30. Ne2 f6 31. f3 Kf7 32. Nd4 f5 33. c4
Kf6 34. f4 g5 35. g3 gxf4 36. gxf4 Ng6 37. Ne2 c5 38. Kf2 Nf8 39. Ke3 Ne6 40.
b4 cxb4 41. axb4 a6 42. Nc3 c6 43. d4 Nc7 44. d5 cxd5 45. Nxd5+ Nxd5+ 46. cxd5
Ke7 47. Kd4 Kd6 48. Kc4 Kd7 49. Kc5 Kc7 50. d6+ Kd7 51. Kd5 Kd8 52. Ke6 Ke8 53.
Kxf5 1-0

[Event "Michigan Amateur"]
[Site "Flint, MI"]
[Date "1999.07.18"]
[Round "4"]
[White "Young, Cordell"]
[Black "Lynem, Charles"]
[Result "1/2-1/2"]
[WhiteElo "868"]
[BlackElo "1312"]
[PlyCount "83"]
[EventDate "1999.07.17"]

1. e4 e6 2. Nf3 c5 3. d4 cxd4 4. Nxd4 d6 5. Nc3 a6 6. f4 Qc7 7. Nf3 Nd7 8. Qe2
b5 9. a3 Bb7 10. Be3 Ngf6 11. Nd2 Rc8 12. Rc1 Be7 13. Qf2 O-O 14. Bd3 Rfd8 15.
h3 Nc5 16. O-O Qb8 17. b4 Ncd7 18. Ne2 e5 19. f5 Qa8 20. Ng3 d5 21. exd5 Nxd5
22. Nde4 Nxe3 23. Qxe3 Nf6 24. Nxf6+ Bxf6 25. Ne4 Bxe4 26. Bxe4 Bg5 27. Qxg5
Qxe4 28. f6 Qg6 29. Qxe5 Rd2 30. Rf2 Rxf2 31. Kxf2 Rxc2+ 32. Rxc2 Qxc2+ 33. Qe2
Qxe2+ 34. Kxe2 gxf6 35. Ke3 Kg7 36. Kd4 Kg6 37. g3 Kg5 38. Kc5 f5 39. Kb6 h5
40. Kxa6 h4 41. gxh4+ Kxh4 42. Kxb5 1/2-1/2

[Event "Michigan Amateur"]
[Site "Flint, MI"]
[Date "1999.07.18"]
[Round "5"]
[White "Young, Cordell"]
[Black "Griffin, John"]
[Result "1-0"]
[WhiteElo "868"]
[BlackElo "1500"]
[PlyCount "76"]
[EventDate "1999.07.17"]

1. e4 c5 2. Nf3 Nc6 3. d4 cxd4 4. Nxd4 Nf6 5. Nc3 e5 6. Nf3 Bb4 7. Bd2 O-O 8.
Bd3 Bxc3 9. Bxc3 Re8 10. O-O d5 11. exd5 Nxd5 12. Bxe5 Nxe5 13. Nxe5 Rxe5 14.
c4 Be6 15. f4 Nxf4 16. Rxf4 Qb6+ 17. Rf2 Rd8 18. Qc2 g6 19. Qc3 Qd4 20. Qxd4
Rxd4 21. Be2 Rde4 22. Bf3 Re3 23. b3 b6 24. Rd2 Kf8 25. Rd8+ Ke7 26. Ra8 a5 27.
Rb8 a4 28. Rxb6 axb3 29. axb3 Re1+ 30. Rxe1 Rxe1+ 31. Kf2 Rb1 32. Be2 Rb2 33.
Ke3 h5 34. b4 Kd8 35. b5 Kc7 36. Ra6 Kd7 37. Rc6 Ra2 38. h3 Rb2 $138 1-0

[Event "Michigan Amateur"]
[Site "Flint, MI"]
[Date "1999.07.18"]
[Round "4"]
[White "Vandivier, Don"]
[Black "Skidmore, Mike"]
[Result "1/2-1/2"]
[WhiteElo "1927"]
[BlackElo "1839"]
[PlyCount "58"]
[EventDate "1999.07.17"]

1. e4 c6 2. d4 d5 3. exd5 cxd5 4. c4 Nf6 5. Nc3 e6 6. Nf3 Bb4 7. Qa4+ Nc6 8.
Ne5 Bxc3+ 9. bxc3 Bd7 10. Nxd7 Qxd7 11. Ba3 dxc4 12. Bxc4 Nd5 13. Bxd5 Qxd5 14.
O-O a6 15. Bc5 b5 16. Qc2 Rc8 17. a4 b4 18. Qd3 a5 19. Qa6 Qd7 20. d5 Ne7 21.
dxe6 fxe6 22. cxb4 axb4 23. Bxb4 Nd5 24. Ba3 Kf7 25. Qd3 Ra8 26. Qb5 Qxb5 27.
axb5 Rhb8 28. Bd6 Rxa1 29. Bxb8 Ra5 1/2-1/2

[Event "Michigan Amateur"]
[Site "Flint, MI"]
[Date "1999.07.18"]
[Round "5"]
[White "Steen, Harold"]
[Black "Carl, Kevin"]
[Result "0-1"]
[WhiteElo "1710"]
[BlackElo "1936"]
[PlyCount "66"]
[EventDate "1999.07.17"]

1. Nf3 Nf6 2. g3 g6 3. Bg2 Bg7 4. O-O O-O 5. d3 d6 6. e4 c5 7. Nbd2 Nc6 8. Re1
Qc7 9. Nf1 Bg4 10. h3 Bxf3 11. Bxf3 Rab8 12. c3 b5 13. Ne3 e6 14. Bg2 Nd7 15.
Ng4 h5 16. Ne3 b4 17. c4 Qb6 18. Rb1 b3 19. a3 Nd4 20. Bd2 Ne5 21. Bc3 Nec6 22.
f4 Qd8 23. Rf1 Kh7 24. Kh1 Rh8 25. f5 Qg5 26. fxg6+ fxg6 27. Qe1 Rbf8 28. Kh2
Be5 29. h4 Qxh4+ 30. Kg1 Bxg3 31. Rxf8 Qh2+ 32. Kf1 Rxf8+ 33. Nf5 exf5 0-1

[Event "Michigan Amateur"]
[Site "Flint, MI"]
[Date "1999.07.18"]
[Round "5"]
[White "Skidmore, Mike"]
[Black "Jendras, Gerard"]
[Result "1-0"]
[WhiteElo "1839"]
[BlackElo "1847"]
[PlyCount "71"]
[EventDate "1999.07.17"]

1. e4 e5 2. Nf3 Nc6 3. Bb5 a6 4. Ba4 Nf6 5. d3 Bc5 6. c3 O-O 7. O-O b5 8. Bb3
d6 9. Bg5 h6 10. Bc1 Bg4 11. h3 Be6 12. Bc2 Bb6 13. Re1 Qe7 14. Nbd2 Nd8 15.
Nf1 c5 16. Ng3 Nc6 17. Nh4 Qd7 18. Nhf5 Ne7 19. Nh4 Nh7 20. Nf3 f5 21. exf5
Nxf5 22. Nxf5 Bxf5 23. Bb3+ c4 24. dxc4 Kh8 25. cxb5 Bxh3 26. Be3 Bd8 27. gxh3
Qxh3 28. Nh2 h5 29. Bd5 e4 30. Bxe4 d5 31. Bg2 Qh4 32. Nf3 Qg4 33. Ne5 Qf5 34.
Qxd5 Bh4 35. Nf7+ Qxf7 36. Qxf7 1-0

[Event "Michigan Amateur"]
[Site "Flint, MI"]
[Date "1999.07.18"]
[Round "5"]
[White "Scioly, Tony"]
[Black "Saylor, Oliver"]
[Result "1-0"]
[WhiteElo "1527"]
[BlackElo "1341"]
[PlyCount "71"]
[EventDate "1999.07.17"]

1. e4 e5 2. Nf3 Nc6 3. Bb5 a6 4. Bxc6 dxc6 5. O-O Bg4 6. h3 Bh5 7. c3 Bd6 8. d4
exd4 9. cxd4 c5 10. e5 Be7 11. d5 Qd7 12. Re1 c4 13. d6 Bd8 14. Bf4 cxd6 15.
exd6+ Kf8 16. Nc3 Nf6 17. Rc1 g6 18. Be5 Bxf3 19. Qxf3 Qe6 20. Nd5 Qxd5 21.
Qxd5 Nxd5 22. Bxh8 f6 23. Rcd1 Nb4 24. d7 Kf7 25. Re8 Nd3 26. Rd2 b5 27. Rde2
Ne5 28. R2xe5 fxe5 29. Bxe5 b4 30. Bc7 c3 31. bxc3 bxc3 32. Bxd8 Ra7 33. Bc7 c2
34. Re7+ Kf6 35. d8=Q c1=Q+ 36. Re1+ 1-0

[Event "Michigan Amateur"]
[Site "Flint, MI"]
[Date "1999.07.18"]
[Round "5"]
[White "Saulmon, Scott"]
[Black "Henry, Robynne"]
[Result "1-0"]
[WhiteElo "1526"]
[BlackElo "1308"]
[PlyCount "101"]
[EventDate "1999.07.17"]

1. e4 e5 2. Nf3 Nc6 3. d4 exd4 4. Bc4 d6 5. Nxd4 Nxd4 6. Qxd4 Nf6 7. Nd2 Be7 8.
Nf3 O-O 9. b3 c6 10. Bb2 d5 11. exd5 cxd5 12. Bd3 b6 13. O-O Bb7 14. Qh4 h6 15.
Rae1 Rc8 16. Nd4 Ne4 17. Qg4 Nf6 18. Qg3 Bd6 19. f4 Nh5 20. Qg4 Nf6 21. Qh3 Bc5
22. Kh1 Bxd4 23. Bxd4 Ne4 24. f5 f6 25. Rf4 Re8 26. Bxe4 Rxe4 27. Rfxe4 dxe4
28. c3 Qd5 29. Qg4 Qc6 30. h3 Re8 31. Be3 Qxc3 32. Qg3 Qe5 33. Bf4 Qxf5 34.
Bxh6 Qd7 35. Rc1 Rc8 36. Rf1 Qe7 37. Rf4 Qc7 38. Bxg7 Qxg7 39. Rg4 Rc1+ 40. Kh2
Rc7 41. Rxg7+ Rxg7 42. Qe3 f5 43. g3 Rf7 44. h4 Kh7 45. Qf4 Kg6 46. Qg5+ Kh7
47. h5 Bc8 48. Qg6+ Kh8 49. Qxf7 e3 50. h6 e2 51. Qg7# 1-0

[Event "Michigan Amateur"]
[Site "Flint, MI"]
[Date "1999.07.18"]
[Round "4"]
[White "Saenz, Scott"]
[Black "Horwood, Rob"]
[Result "1-0"]
[WhiteElo "1472"]
[BlackElo "1079"]
[PlyCount "49"]
[EventDate "1999.07.17"]

1. d4 c6 2. c4 d5 3. Nc3 dxc4 4. a4 Bd7 5. Bf4 b5 6. axb5 cxb5 7. Nd5 Bc6 8.
Nc7+ Kd7 9. Nxa8 Bxa8 10. Rxa7+ Ke8 11. Rxa8 Qd5 12. Rxb8+ Kd7 13. Rxf8 f6 14.
Nf3 g5 15. Bg3 h5 16. h4 g4 17. Nh2 f5 18. Qd2 Qe4 19. f3 Qb1+ 20. Kf2 gxf3 21.
gxf3 e6 22. Qf4 e5 23. Qxe5 f4 24. Bxf4 Rh6 25. Qe8# 1-0

[Event "Michigan Amateur"]
[Site "Flint, MI"]
[Date "1999.07.18"]
[Round "5"]
[White "Rotberg, Victor"]
[Black "Vandivier, Don"]
[Result "0-1"]
[WhiteElo "1750"]
[BlackElo "1927"]
[PlyCount "90"]
[EventDate "1999.07.17"]

1. d4 Nf6 2. c4 g6 3. Nc3 d5 4. cxd5 Nxd5 5. e4 Nxc3 6. bxc3 Bg7 7. Bc4 c5 8.
Be3 Nc6 9. Ne2 O-O 10. O-O Qc7 11. Bb3 Rd8 12. Rc1 Na5 13. d5 c4 14. Bc2 e6 15.
Bg5 Rd7 16. Ba4 Nc6 17. Nd4 exd5 18. exd5 Rxd5 19. Be3 Nxd4 20. cxd4 Bf5 21.
Qf3 Rad8 22. Rfd1 b5 23. Bc2 Qd7 24. Bg5 Bg4 25. Qg3 Rxg5 26. f3 Bxd4+ 27. Kh1
h6 28. fxg4 Qxg4 29. Qxg4 Rxg4 30. Rf1 Be3 31. Rce1 Rf4 32. Rxf4 Bxf4 33. g3
Rd2 34. Bb1 Bg5 35. h4 Bf6 36. Kg1 Bd4+ 37. Kh1 Bf2 38. Re8+ Kg7 39. Kg2 Bb6+
40. Kf3 Rf2+ 41. Kg4 Rf1 42. Be4 f5+ 43. Kh3 fxe4 44. Rxe4 c3 45. Re2 Rf2 0-1

[Event "Michigan Amateur"]
[Site "Flint, MI"]
[Date "1999.07.18"]
[Round "5"]
[White "Robertson, John"]
[Black "Brown, Dan"]
[Result "1-0"]
[WhiteElo "1393"]
[BlackElo "1788"]
[PlyCount "79"]
[EventDate "1999.07.17"]

1. e4 c5 2. Nf3 Nc6 3. d4 cxd4 4. Nxd4 e5 5. Nb5 a6 6. Nd6+ Bxd6 7. Qxd6 Qf6 8.
Qxf6 Nxf6 9. Nc3 h6 10. a3 O-O 11. Bc4 Nd4 12. Bd3 b5 13. Be3 Bb7 14. f3 d5 15.
exd5 Rad8 16. Rd1 Nxd5 17. Bxd4 exd4 18. Ne2 Ne3 19. Rd2 Nxg2+ 20. Kf2 Nh4 21.
Nxd4 Rfe8 22. Be2 Ng6 23. Rhd1 Nf4 24. Bf1 g6 25. Kg3 g5 26. Nf5 Rxd2 27. Rxd2
h5 28. Nd6 Rd8 29. h4 f6 30. Ne4 Rxd2 31. Nxd2 Bd5 32. c4 bxc4 33. Bxc4 Bxc4
34. Nxc4 Ng6 35. hxg5 fxg5 36. b4 Nf4 37. a4 h4+ 38. Kh2 Kf7 39. Nd6+ Ke6 40.
Ne4 $138 1-0

[Event "Michigan Amateur"]
[Site "Flint, MI"]
[Date "1999.07.18"]
[Round "4"]
[White "Poniatowski, Don"]
[Black "Reist, Douglas"]
[Result "1/2-1/2"]
[WhiteElo "1235"]
[BlackElo "1382"]
[PlyCount "174"]
[EventDate "1999.07.17"]

1. e4 c6 2. d4 d5 3. exd5 cxd5 4. c4 Nf6 5. Nc3 Nc6 6. Nf3 Bg4 7. cxd5 Nxd5 8.
Be2 e6 9. a3 Be7 10. O-O O-O 11. Re1 Re8 12. h3 Bh5 13. Be3 a6 14. Qd2 b5 15.
Nxd5 Qxd5 16. b4 Red8 17. Rac1 Bf6 18. Red1 Ne7 19. Rc5 Qb7 20. Rxh5 Nc6 21.
Rc5 Rd7 22. Rdc1 Be7 23. Rh5 g6 24. Rh6 Rad8 25. Qc3 Rc8 26. Ne5 Rdc7 27. Qb2
Nxd4 28. Rxc7 Nxe2+ 29. Qxe2 Qxc7 30. Nf3 Qc3 31. Qd2 Qxa3 32. Qd7 Rc1+ 33.
Bxc1 Qxc1+ 34. Kh2 Qxh6 35. Qxe7 Qf4+ 36. Kg1 Qc1+ 37. Kh2 Qb2 38. Kg3 Qc3 39.
Qd8+ Kg7 40. Qb6 Qxb4 41. Qxa6 Qb3 42. Kh2 b4 43. Qb7 Qc3 44. Qa7 b3 45. Qa3
Qc7+ 46. Kg1 Qc2 47. Qb4 b2 48. Nd2 Qxd2 49. Qxd2 b1=Q+ 50. Kh2 Qf5 51. g3 h5
52. h4 e5 53. Kg2 e4 54. Qd4+ Kh7 55. Qd2 Qf3+ 56. Kg1 Qd3 57. Qf4 Qf3 58. Qe5
Qf5 59. Qe7 Kg7 60. Qd8 Qe5 61. Kg2 e3 62. fxe3 Qxe3 63. Qd1 Qe4+ 64. Kh3 Kf6
65. Kh2 Ke6 66. Qb3+ Qd5 67. Qe3+ Qe5 68. Qb3+ Kf6 69. Qf3+ Kg7 70. Qf2 Qf6 71.
Qd2 Kh7 72. Qe3 Qb2+ 73. Kg1 Kg7 74. Qf3 Qa1+ 75. Kg2 Qb2+ 76. Kh1 Qb1+ 77. Kg2
Qc2+ 78. Kg1 Qc5+ 79. Kg2 Qe7 80. Qc3+ f6 81. Qb2 Kh7 82. Qd2 f5 83. Qf4 Kg7
84. Kh2 Qe2+ 85. Kg1 Qe1+ 86. Kh2 Qe6 87. Qd4+ Qf6 1/2-1/2

[Event "Michigan Amateur"]
[Site "Flint, MI"]
[Date "1999.07.18"]
[Round "4"]
[White "Moore, Robert"]
[Black "Steen, Harold"]
[Result "0-1"]
[WhiteElo "1600"]
[BlackElo "1710"]
[PlyCount "116"]
[EventDate "1999.07.17"]

1. e4 c5 2. Nf3 e6 3. d4 cxd4 4. Nxd4 Nf6 5. Bd3 Nc6 6. Nb3 a6 7. O-O d6 8. Be3
Be7 9. N1d2 b5 10. a3 d5 11. Bc5 O-O 12. f4 Bb7 13. e5 Nd7 14. Be3 Re8 15. Nf3
Nb6 16. Bxh7+ Kxh7 17. Ng5+ Bxg5 18. fxg5 Nxe5 19. Qh5+ Kg8 20. Bd4 Ng6 21. Rf2
e5 22. Bc5 Qc7 23. Raf1 Rf8 24. Rf3 Bc8 25. g4 Nf4 26. Rxf4 exf4 27. Rf3 Qd7
28. Rh3 Qxg4+ 29. Qxg4 Bxg4 30. Rh4 Rfb8 31. Rxg4 Nd7 32. Rxf4 Nxc5 33. Nxc5
Rc8 34. b4 Rc6 35. Rd4 Rd8 36. Kf2 Kh7 37. c3 Kg6 38. h4 f6 39. gxf6 gxf6 40.
Rf4 f5 41. Kf3 Re8 42. Kf2 Ra8 43. Ke3 a5 44. Kd4 axb4 45. axb4 Rd8 46. Nd3
Rc4+ 47. Ke5 Rxc3 48. Nc5 Rc4 49. h5+ Kxh5 50. Rxf5+ Kg4 51. Ne6 Re4+ 52. Kf6
Rd6 53. Rg5+ Kh4 54. Re5 Rxe5 55. Kxe5 Rxe6+ 56. Kxd5 Rg6 57. Kc5 Rg5+ 58. Kb6
Kg4 0-1

[Event "Michigan Amateur"]
[Site "Flint, MI"]
[Date "1999.07.18"]
[Round "5"]
[White "Moore, Robert"]
[Black "Saenz, Scott"]
[Result "1/2-1/2"]
[WhiteElo "1600"]
[BlackElo "1472"]
[PlyCount "56"]
[EventDate "1999.07.17"]

1. e4 c5 2. Nf3 d6 3. d4 cxd4 4. Nxd4 Nf6 5. Nc3 a6 6. Bg5 e6 7. f4 Nc6 8. Nb3
Be7 9. Qf3 O-O 10. Bd3 Qc7 11. O-O-O b5 12. Rhe1 b4 13. Ne2 a5 14. Nbd4 Nxd4
15. Nxd4 Bd7 16. Bxf6 Bxf6 17. e5 dxe5 18. fxe5 Bxe5 19. Qe4 Bf4+ 20. Kb1 g6
21. g3 Bh6 22. Qh4 Bg7 23. Nf3 Qd8 24. Qf4 Qf6 25. Qxf6 Bxf6 26. Bxg6 hxg6 27.
Rxd7 Kg7 28. Red1 Rfd8 1/2-1/2

[Event "Michigan Amateur"]
[Site "Flint, MI"]
[Date "1999.07.18"]
[Round "5"]
[White "Lynem, Charles"]
[Black "Feller, Brad"]
[Result "1-0"]
[WhiteElo "1312"]
[BlackElo "815"]
[PlyCount "111"]
[EventDate "1999.07.17"]

1. d4 d5 2. Nf3 Nc6 3. c4 dxc4 4. e4 Bg4 5. Bxc4 Bxf3 6. Qxf3 Nh6 7. Bxh6 e6 8.
Be3 Nxd4 9. Qd1 Bb4+ 10. Nc3 Bxc3+ 11. bxc3 Nc6 12. Qxd8+ Rxd8 13. O-O Ne5 14.
Be2 b6 15. f4 Nd3 16. Bxd3 Rxd3 17. Bd4 O-O 18. Rfd1 Rxd1+ 19. Rxd1 Rd8 20. Kf2
c5 21. Ke3 cxd4+ 22. cxd4 Rc8 23. Kd3 Kf8 24. Rd2 Ke7 25. Rc2 Rxc2 26. Kxc2 Kd6
27. Kc3 f6 28. g3 a6 29. a4 e5 30. fxe5+ fxe5 31. d5 Kc5 32. g4 b5 33. axb5
axb5 34. h4 b4+ 35. Kb2 Kd6 36. Kb3 Kc5 37. Ka4 g6 38. g5 b3 39. Kxb3 Kd6 40.
Kb4 Kd7 41. Kc5 Kc7 42. d6+ Kd7 43. Kd5 Kd8 44. Kxe5 Kd7 45. Kd5 Kd8 46. e5 Kd7
47. e6+ Kd8 48. Kc6 h5 49. e7+ Ke8 50. Kc7 Kf7 51. Kd8 Kg7 52. e8=Q Kh7 53. Kc8
Kg7 54. d7 Kh7 55. d8=R Kg7 56. Rd7# 1-0

[Event "Michigan Amateur"]
[Site "Flint, MI"]
[Date "1999.07.18"]
[Round "5"]
[White "June, Brian"]
[Black "Aldrich, Justin"]
[Result "1/2-1/2"]
[WhiteElo "1700"]
[BlackElo "1500"]
[PlyCount "83"]
[EventDate "1999.07.17"]

1. d4 d5 2. c4 c6 3. Nf3 Nf6 4. Nc3 Bf5 5. e3 h6 6. Bd2 e6 7. Be2 Nbd7 8. O-O
Be7 9. a3 O-O 10. b4 dxc4 11. Bxc4 Nb6 12. Be2 Rc8 13. Qb3 Nbd5 14. Rfd1 Ne4
15. Rac1 Bd6 16. Be1 Qe7 17. Nxe4 Bxe4 18. h3 a5 19. Nd2 Bf5 20. Nc4 Bb8 21.
Bf3 Nf6 22. Ne5 Nd7 23. Nxd7 Qxd7 24. e4 Bg6 25. d5 cxd5 26. exd5 exd5 27. Qxd5
Qxd5 28. Bxd5 b6 29. Rxc8 Rxc8 30. Bb7 Re8 31. Kf1 a4 32. Bc6 Rc8 33. Bxa4 Be5
34. b5 Ra8 35. Bb3 Rxa3 36. Bd5 Bd3+ 37. Kg1 Bxb5 38. Be4 Bf6 39. f3 Ra1 40.
Rxa1 Bxa1 41. Bf2 Be5 42. Bxb6 1/2-1/2

[Event "Michigan Amateur"]
[Site "Flint, MI"]
[Date "1999.07.18"]
[Round "4"]
[White "Jones, Mark"]
[Black "June, Brian"]
[Result "1-0"]
[WhiteElo "1529"]
[BlackElo "1700"]
[PlyCount "107"]
[EventDate "1999.07.17"]

1. e4 c5 2. Nf3 d6 3. Nc3 g6 4. Bc4 Nf6 5. d3 Nc6 6. h3 Bg7 7. Be3 Bd7 8. Qd2
h5 9. Ng5 e6 10. f4 Na5 11. e5 Nxc4 12. dxc4 dxe5 13. fxe5 Nh7 14. Nf3 Qc7 15.
Ne4 Bxe5 16. Bxc5 O-O-O 17. Nxe5 Qxe5 18. Qe3 Qg7 19. Nd6+ Kc7 20. Qf4 e5 21.
Qxf7 Qxf7 22. Nxf7 b6 23. Be3 Bc6 24. Nxh8 Rxh8 25. Rg1 Nf6 26. O-O-O Ne4 27.
g3 Rf8 28. Rd3 a6 29. Bh6 Rf7 30. Re3 Kd6 31. Rge1 Nc5 32. Rxe5 a5 33. Bf4 Kd7
34. Bg5 Bg2 35. Re7+ Rxe7 36. Rxe7+ Kc6 37. h4 Bh3 38. Be3 Nb7 39. Rf7 Bf5 40.
Rf6+ Kd7 41. Rxb6 Nd6 42. b3 Ne4 43. Bf4 a4 44. Ra6 axb3 45. cxb3 Nc5 46. Rd6+
Ke7 47. Rb6 Kd7 48. a4 Nd3+ 49. Kd2 Nc5 50. a5 Be4 51. a6 Bc6 52. a7 Be4 53.
Rb8 Na6 54. a8=Q 1-0

[Event "Michigan Amateur"]
[Site "Flint, MI"]
[Date "1999.07.18"]
[Round "4"]
[White "Jendras, Gerard"]
[Black "Aldrich, Jeff"]
[Result "1/2-1/2"]
[WhiteElo "1847"]
[BlackElo "1934"]
[PlyCount "121"]
[EventDate "1999.07.17"]

1. e4 c6 2. d4 d5 3. e5 Bf5 4. Nf3 e6 5. Be2 Ne7 6. O-O Nd7 7. Nbd2 c5 8. c3
Nc6 9. a3 Qb6 10. Nb3 Be4 11. Be3 Rc8 12. Rc1 Be7 13. dxc5 Nxc5 14. Nxc5 Bxc5
15. Bxc5 Qxc5 16. b4 Qe7 17. c4 O-O 18. Nd2 Nxe5 19. Nxe4 dxe4 20. Qd4 Nd3 21.
Bxd3 exd3 22. Qxd3 Rfd8 23. Qe2 a5 24. c5 axb4 25. axb4 Rd5 26. Ra1 Qh4 27. Qb5
Rh5 28. h3 Qe4 29. Rfe1 Qc6 30. Qxc6 bxc6 31. Ra6 Rh4 32. Rb1 g6 33. Kh2 Kf8
34. g3 Rc4 35. Rd1 Rxb4 36. Rd7 Kg7 37. Raa7 Rf8 38. Rac7 Rc4 39. Rxc6 Rc2 40.
Kg2 h5 41. h4 Kf6 42. Rcc7 e5 43. Kf3 Ke6 44. Rd6+ Kf5 45. c6 Rc3+ 46. Ke2 Ke4
47. Rf6 Rc2+ 48. Kf1 Ra8 49. Re7 Ra1+ 50. Kg2 Rcc1 51. Rf4+ Kd5 52. Rfxf7 e4
53. g4 Rg1+ 54. Kh2 Rh1+ 55. Kg3 Rag1+ 56. Kf4 Rxg4+ 57. Ke3 Rh3+ 58. Ke2 Kxc6
59. Re6+ Kd5 60. Rff6 Rhxh4 61. Rd6+ 1/2-1/2

[Event "Michigan Amateur"]
[Site "Flint, MI"]
[Date "1999.07.18"]
[Round "5"]
[White "Horwood, Rob"]
[Black "LaFerriere, Adam"]
[Result "1-0"]
[WhiteElo "1079"]
[BlackElo "784"]
[PlyCount "111"]
[EventDate "1999.07.17"]

1. e4 Nf6 2. Nc3 d5 3. e5 d4 4. exf6 dxc3 5. fxg7 cxd2+ 6. Qxd2 Qxd2+ 7. Bxd2
Bxg7 8. O-O-O O-O 9. Nf3 Be6 10. Re1 Nc6 11. Kb1 Rad8 12. Bf4 Rd7 13. Bb5 Re8
14. Ne5 Rd6 15. Nxc6 bxc6 16. Bxd6 cxd6 17. Bxc6 Rb8 18. b3 Rc8 19. Bf3 a5 20.
h3 Rb8 21. a4 Bf6 22. Bg4 Bd5 23. Bf5 Bc6 24. Ka2 e6 25. Be4 d5 26. Bd3 Kg7 27.
Re3 h6 28. Rg3+ Kf8 29. Re1 Bc3 30. Ree3 Bd4 31. Ref3 f5 32. Rg6 Bg7 33. Rxe6
Rb6 34. Rxf5+ Kg8 35. Re7 Rb7 36. Rxb7 Bxb7 37. c4 dxc4 38. Bxc4+ Kh7 39. Bd3
Kg8 40. f3 Bc8 41. Rxa5 Bb7 42. Be4 Bxe4 43. fxe4 Kh8 44. b4 Bc3 45. Ra8+ Kh7
46. b5 Be5 47. b6 Kg7 48. b7 Kf6 49. b8=Q Bxb8 50. Rxb8 Ke5 51. a5 Kxe4 52. a6
Ke3 53. a7 Kf2 54. a8=Q Kg3 55. Qf3+ Kh4 56. Qg4# 1-0

[Event "Michigan Amateur"]
[Site "Flint, MI"]
[Date "1999.07.18"]
[Round "5"]
[White "Hill, Brad"]
[Black "Jones, Mark"]
[Result "1-0"]
[WhiteElo "1722"]
[BlackElo "1529"]
[PlyCount "65"]
[EventDate "1999.07.17"]

1. e4 e5 2. Nf3 Nc6 3. Bb5 d6 4. d4 exd4 5. Nxd4 Bd7 6. O-O Nxd4 7. Bxd7+ Qxd7
8. Qxd4 Ne7 9. Bf4 Nc6 10. Qe3 f6 11. c4 g5 12. Bg3 h5 13. h4 Bh6 14. Qe2 g4
15. Nc3 O-O-O 16. Nd5 Qe6 17. Rfe1 Rde8 18. c5 f5 19. cxd6 cxd6 20. Qb5 fxe4
21. Rad1 Kb8 22. Nb4 Nxb4 23. Rxd6 Qxd6 24. Bxd6+ Ka8 25. Qxb4 e3 26. Bc5 exf2+
27. Kxf2 Rd8 28. Qa5 Rd2+ 29. Kf1 a6 30. Qb6 Kb8 31. Bd6+ Ka8 32. Re7 Rf8+ 33.
Ke1 1-0

[Event "Michigan Amateur"]
[Site "Flint, MI"]
[Date "1999.07.18"]
[Round "4"]
[White "Hazzard, Bill"]
[Black "Saulmon, Scott"]
[Result "0-1"]
[WhiteElo "1697"]
[BlackElo "1526"]
[PlyCount "210"]
[EventDate "1999.07.17"]

1. e4 e6 2. d4 d5 3. e5 c5 4. Be3 Nc6 5. Nf3 cxd4 6. Bxd4 Nxd4 7. Qxd4 Ne7 8.
Bd3 Nc6 9. Qg4 Nb4 10. O-O Nxd3 11. cxd3 Bd7 12. Nc3 Qb6 13. Rab1 h5 14. Qg5
Qd8 15. Qf4 g6 16. d4 Bh6 17. Qf6 Qxf6 18. exf6 O-O 19. Rfe1 Rac8 20. h4 Bf4
21. g3 Bd6 22. Kg2 Bc7 23. Rbc1 Bd8 24. Ne5 Bc6 25. f4 Bxf6 26. Kh3 Be7 27. Rg1
Bf6 28. g4 Bxe5 29. fxe5 Kh7 30. g5 Rfd8 31. Rcf1 Rc7 32. Rf6 Be8 33. Rgf1 Kg7
34. R1f3 b5 35. a3 a5 36. Rf2 Rdc8 37. R6f3 b4 38. axb4 axb4 39. Na2 Rc4 40.
Rd2 Rb8 41. Kg3 b3 42. Nc3 Rbb4 43. Rfd3 Rc7 44. Kf2 Bb5 45. Nxb5 Rxb5 46. Ke3
Rc1 47. Rh2 Kf8 48. Ke2 Rb4 49. Rd2 Rc2 50. Ke3 Rc1 51. Kd3 Rbc4 52. Ke2 Ke8
53. Rh3 Rb4 54. Kd3 Re1 55. Kc3 Rb7 56. Kd3 Rc7 57. Rhh2 Rc4 58. Rhe2 Rec1 59.
Ke3 R1c2 60. Kd3 Rxd2+ 61. Rxd2 Rc1 62. Rh2 Kd8 63. Rf2 Rc7 64. Rf1 Kc8 65. Rf2
Kb7 66. Rf1 Kb6 67. Ra1 Rc2 68. Ra3 Rxb2 69. Kc3 Rc2+ 70. Kxb3 Rc4 71. Ra4 Rc7
72. Rb4+ Ka5 73. Ra4+ Kb6 74. Rb4+ Ka7 75. Ka4 Rc2 76. Kb5 Rh2 77. Kc6 Rxh4 78.
Ra4+ Kb8 79. Rb4+ Kc8 80. Rb7 Rf4 81. Re7 Kd8 82. Kd6 h4 83. Ra7 Kc8 84. Kc6
Kb8 85. Re7 Rxd4 86. Rb7+ Ka8 87. Rxf7 Rg4 88. Kb6 Rb4+ 89. Kc6 h3 90. Rh7 Rb3
91. Kd6 Rb6+ 92. Kc5 Rb3 93. Kc6 d4 94. Kc5 Rg3 95. Kxd4 Rg4+ 96. Kc5 Rxg5 97.
Kb6 Rh5 98. Ra7+ Kb8 99. Rb7+ Kc8 100. Rc7+ Kd8 101. Kc6 Rxe5 102. Rg7 h2 103.
Kd6 Rd5+ 104. Kxe6 h1=Q 105. Rf7 Qe4+ 0-1